Statistics for Bordering Countries that Both Start with a Vowel

Click here to take the quiz!

General Stats

  • This quiz has been taken 69 times
  • The average score is 19 of 21

Answer Stats

Country Bordering Country % Correct
AzerbaijanArmenia
94%
IrelandUnited Kingdom
94%
UKIreland
94%
ArmeniaAzerbaijan
93%
IranAfghanistan
91%
UruguayArgentina
91%
ArgentinaUruguay
91%
OmanUnited Arab Emirates
91%
IranIraq
91%
ArmeniaIran
91%
EthiopiaEritrea
91%
EritreaEthiopia
89%
UAEOman
89%
ItalyAustria
89%
East TimorIndonesia
87%
IndonesiaEast Timor
87%
AfghanistanUzbekistan
87%
EgyptIsrael
85%
AustriaItaly
85%
IsraelEgypt
85%

Score Distribution

Percentile by Number Answered

Percent of People with Each Score

Your Score History

You have not taken this quiz